MARC-Details
| 000 -Satzkennung |
| Kontrollfeld mit fester Länge |
01943cam a2200649 c 4500 |
| 001 - Kontrollnummer |
| Kontrollnummer |
1605886203 |
| 003 - Kontrollnummer Identifier |
| Kontrollnummer |
DE-627 |
| 005 - Datum und Zeit der letzten Transaktion |
| Kontrollnummer |
20260206105745.0 |
| 007 - Feld mit fester Länge zur physischen Beschreibung - Allgemeine Information |
| Kontrollfeld mit fester Länge |
tu |
| 008 - Feld mit fester Länge zur physischen Beschreibung - Allgemeine Angaben |
| Kontrollfeld mit fester Länge |
070608s2007 gw ||||| 00| ||ger c |
| 015 ## - Nummer der Nationalbibliografie |
| Nummer der Nationalbibliografie |
07,N21,0548 |
| Quelle |
dnb |
| 016 7# - Kontrollnummer der nationalbibliografischen Agentur |
| Datensatzkontrollnummer |
98400727X |
| Quelle |
DE-101 |
| 020 ## - Internationale Standardbuchnummer |
| Internationale Standardbuchnummer |
9783451294778 |
| 024 3# - Anderer Standardidentifier |
| Standardnummer oder Code |
9783451294778 |
| 035 ## - Systemkontrollnummer |
| Systemkontrollnummer |
(DE-627)1605886203 |
| 035 ## - Systemkontrollnummer |
| Systemkontrollnummer |
(DE-576)265427320 |
| 035 ## - Systemkontrollnummer |
| Systemkontrollnummer |
(DE-599)BSZ265427320 |
| 035 ## - Systemkontrollnummer |
| Systemkontrollnummer |
(OCoLC)237250417 |
| 035 ## - Systemkontrollnummer |
| Systemkontrollnummer |
(OCoLC)173602008 |
| 035 ## - Systemkontrollnummer |
| Systemkontrollnummer |
(DE-601)528638998 |
| 040 ## - Katalogisierungsquelle |
| Original-Katalogisierungsstelle |
DE-627 |
| Katalogisierungssprache |
ger |
| Übertragungsstelle |
DE-627 |
| Beschreibungsfestlegungen |
rakwb |
| 041 ## - Sprachcode |
| Sprachcode des Textes/der Tonspur oder des separaten Titels |
ger |
| 044 ## - Ländercode der veröffentlichenden/herstellenden Stelle |
| ISO-Ländercode |
XA-DE-BW |
| -- |
XA-CH |
| -- |
XA-AT |
| 050 #0 - Signatur der Library of Congress |
| Notation |
HM711 |
| 082 0# - Notation nach der Dewey Decimal Classification |
| Notation |
302.14 |
| 082 04 - Notation nach der Dewey Decimal Classification |
| Notation |
320 |
| 084 ## - Andere Notation |
| Notation |
320 |
| Quelle der Nummer |
sdnb |
| 084 ## - Andere Notation |
| Notation |
3,6 |
| Quelle der Nummer |
ssgn |
| 084 ## - Andere Notation |
| Notation |
MG 15040 |
| Quelle der Nummer |
rvk |
| 084 ## - Andere Notation |
| Notation |
MG 15365 |
| Quelle der Nummer |
rvk |
| 084 ## - Andere Notation |
| Notation |
MD 6300 |
| Quelle der Nummer |
rvk |
| 084 ## - Andere Notation |
| Notation |
77.63 |
| Quelle der Nummer |
bkl |
| 084 ## - Andere Notation |
| Notation |
89.53 |
| Quelle der Nummer |
bkl |
| 090 ## - LOCALLY ASSIGNED LC-TYPE CALL NUMBER (OCLC); LOCAL CALL NUMBER (OCLC) |
| Classification number (OCLC) (R) ; Classification number, CALL (RLIN) (NR) |
a |
| 100 1# - Haupteintragung - Personenname |
| Personenname |
Schwan, Gesine |
| Datumsangaben in Verbindung mit einem Namen |
1943- |
| Funktionsbezeichnungscode |
aut |
| 245 10 - Titel |
| Titel |
Allein ist nicht genug |
| Zusatz zum Titel |
für eine neue Kultur der Gemeinsamkeit |
| Verfasserangabe etc. |
Gesine Schwan mit Susanne Gaschke |
| 260 ## - Publikation, Vertrieb usw. (Erscheinungsvermerk) |
| Erscheinungsort, Vertriebsort etc. |
Freiburg in Breisgau |
| Name des Verlags, des Vertriebs etc. |
Herder Verlag |
| Date of publication, distribution, etc |
2007 |
| 300 ## - Physische Beschreibung |
| Umfang |
220 S. |
| 650 #4 - Nebeneintragung unter einem Schlagwort - Sachschlagwort |
| Sachschlagwort oder geografischer Name als Eintragungselement |
Interpersonal relations |
| 650 #4 - Nebeneintragung unter einem Schlagwort - Sachschlagwort |
| Sachschlagwort oder geografischer Name als Eintragungselement |
Political participation |
| 650 #4 - Nebeneintragung unter einem Schlagwort - Sachschlagwort |
| Sachschlagwort oder geografischer Name als Eintragungselement |
Political participation |
| Allgemeine Unterteilung |
Germany |
| 650 #4 - Nebeneintragung unter einem Schlagwort - Sachschlagwort |
| Sachschlagwort oder geografischer Name als Eintragungselement |
Social participation |
| 650 #4 - Nebeneintragung unter einem Schlagwort - Sachschlagwort |
| Sachschlagwort oder geografischer Name als Eintragungselement |
Social participation |
| Allgemeine Unterteilung |
Germany |
| 650 #4 - Nebeneintragung unter einem Schlagwort - Sachschlagwort |
| Sachschlagwort oder geografischer Name als Eintragungselement |
Social values |
| 651 #4 - Nebeneintragung unter einem Schlagwort - Geografischer Name |
| Geografischer Name |
Germany |
| Allgemeine Unterteilung |
Politics and government |
| -- |
1990- |
| 651 #4 - Nebeneintragung unter einem Schlagwort - Geografischer Name |
| Geografischer Name |
Germany |
| Allgemeine Unterteilung |
Social conditions |
| -- |
1990- |
| 951 ## - EQUIVALENCE OR CROSS-REFERENCE-GEOGRAPHIC NAME/AREA NAME [OBSOLETE] [CAN/MARC only] |
| Geografischer Name |
BO |
| 700 1# - Nebeneintragung - Personenname |
| Personenname |
Gaschke, Susanne |
| Datumsangaben in Verbindung mit einem Namen |
1967- |
| Funktionsbezeichnungscode |
oth |
| 856 42 - Elektronische Adresse und Zugriff |
| URL |
<a href="http://www.gbv.de/dms/sub-hamburg/528638998.pdf">http://www.gbv.de/dms/sub-hamburg/528638998.pdf</a> |
| Kontaktstelle für Hilfe beim Zugriff |
V:DE-601 |
| -- |
B:DE-18 |
| Elektronisches Format |
pdf/application |
| Verknüpfungstext |
Inhaltsverzeichnis |
| Spezifische Materialangaben |
Inhaltsverzeichnis |
| 583 1# - ACTION NOTE |
| Bearbeitung |
Archivierung/Langzeitarchivierung gewährleistet |
| Autorisierende Stelle |
PEBW |
| Quelle des Terms |
pdager |
| Das Unterfeld gibt die Institution an, auf die sich das Feld bezieht |
DE-31 |
| 936 rv - OCLC/CONSER MISCELLANEOUS DATA (OCLC); PIECE USED FOR CATALOGING (pre-AACR2) (RLIN) |
| OCLC control number(s) of parallel record(s) (OCLC); Piece used for cataloging, PUC (RLIN) |
MG 15040 |
| 936 rv - OCLC/CONSER MISCELLANEOUS DATA (OCLC); PIECE USED FOR CATALOGING (pre-AACR2) (RLIN) |
| OCLC control number(s) of parallel record(s) (OCLC); Piece used for cataloging, PUC (RLIN) |
MG 15365 |
| 936 rv - OCLC/CONSER MISCELLANEOUS DATA (OCLC); PIECE USED FOR CATALOGING (pre-AACR2) (RLIN) |
| OCLC control number(s) of parallel record(s) (OCLC); Piece used for cataloging, PUC (RLIN) |
MD 6300 |
| 936 bk - OCLC/CONSER MISCELLANEOUS DATA (OCLC); PIECE USED FOR CATALOGING (pre-AACR2) (RLIN) |
| OCLC control number(s) of parallel record(s) (OCLC); Piece used for cataloging, PUC (RLIN) |
77.63 |
| 936 bk - OCLC/CONSER MISCELLANEOUS DATA (OCLC); PIECE USED FOR CATALOGING (pre-AACR2) (RLIN) |
| OCLC control number(s) of parallel record(s) (OCLC); Piece used for cataloging, PUC (RLIN) |
89.53 |
| 942 ## - Zusätzliche Felder (Koha) |
| Klassifikation oder Aufstellungssystematik |
Andere/Generische Klassifikation |
| Koha-Medientyp |
Bücher |